Particle Accelerator Physics: Basic Principles and Linear Beam Dynamics. With 160 Figures

Bibliographic Details
Main Author: Wiedemann H. Helmut
Language:English
Published: Berlin, Springer, 1993
Subjects:
Format: Book
KOHA link:https://koha.lib.tpu.ru/cgi-bin/koha/opac-detail.pl?biblionumber=7914

MARC

LEADER 00000nam0a2200000 4500
001 7914
005 20231030181400.0
010 |a 3540565507 
035 |a (RuTPU)RU\TPU\book\7960 
035 |a BOOK00008019 
090 |a 7914 
100 |a 20011209d1993 k y0engy50 ba 
101 0 |a eng 
102 |a DE 
105 |a y z 000zy 
200 1 |a Particle Accelerator Physics  |e Basic Principles and Linear Beam Dynamics. With 160 Figures  |f H. Wiedemann 
210 |a Berlin  |c Springer  |d 1993 
215 |a 445 p. 
610 1 |a ядерная физика 
610 1 |a ускорители 
610 1 |a заряженные частицы 
675 |a 539.1.07  |v 3 
700 1 |a Wiedemann  |b H.  |g Helmut 
801 0 |a RU  |b 63413507  |c 20011209  |g PSBO 
801 2 |a RU  |b 63413507  |c 20070523  |g PSBO 
942 |c BK